| 000 | 00000nam##2200000za#4500 |
| 001 | 9.684325 |
| 003 | CaOODSP |
| 005 | 20210615134132 |
| 007 | ta |
| 008 | 150407|2008||||xxc||||| f|0| 0 fre|d |
| 020 | |a978-0-662-04504-5 |
| 040 | |aCaOODSP|bfre |
| 043 | |an-cn--- |
| 086 | 1 |aFo144-5/2-2008F |
| 110 | 1 |aCanada. |bRessources naturelles Canada. |
| 245 | 10|aDes insectes aux roches : |bles géosciences pour contrer les effets du dendroctone du pin ponderosa |
| 260 | |bRessources naturelles Canada |c[2008]. |
| 300 | |a[2]p. : |bfigures en couleur, photographies ; |c28 cm. |
| 500 | |aContact: Christine Hutton, Gestionnaire de projet, Direction des programmes du SST, Secteur des sciences de la Terre, Ressources naturelles Canada, 205 601, rue Booth, Ottawa, Ontario K1A 0E8; Téléphone: 613-947-3593; Télécopieur: 613-947-8768; Courriel: hutton@nrcan.gc.ca". |
| 563 | |aPolycopié |
| 590 | |a09-07|b2009-02-13 |
| 775 | 08|tFrom bugs to rocks : |w(CaOODSP)9.651284 |
| 776 | 0#|tDes insectes aux roches : |w(CaOODSP)9.635582 |